[Event "FRA Ch Top 16 Poule Haute"]
[Site "?"]
[Date "2005.05.04"]
[Round "8"]
[White "David Alberto"]
[Black "Bauer Christian"]
[Result "1/2-1/2"]
[WhiteElo "2579"]
[BlackElo "2640"]
[PlyCount "40"]
[EventDate "2005.??.??"]
[Source "www.chesslib.no"]
[SourceDate "2004.05.04"]

1. e4 b6 2. d4 Bb7 3. Nc3 e6 4. Nf3 Bb4 5. Bd3 Nf6 6. Bg5 d6 7. O-O Bxc3 8. bxc3 h6 9. Bxf6 Qxf6 10. Nd2 e5 11. f4 Qe7 12. Qg4 O-O 13. Nc4 Nd7 14. Ne3 Nf6 15. Qxg7+ Kxg7 16. Nf5+ Kh8 17. Nxe7 exd4 18. e5 Ng8 19. Nf5 dxe5 20. cxd4 exd4 1/2-1/2

[Event "EU-ch 2nd"]
[Site "Ohrid"]
[Date "2001.06.13"]
[Round "12"]
[White "Rublevsky, Sergei"]
[Black "Chernyshov, Konstantin"]
[Result "1-0"]
[WhiteElo "2657"]
[BlackElo "2536"]
[PlyCount "105"]
[EventDate "2001.06.01"]
[Source "ChessBase"]
[SourceDate "2001.09.13"]

1. e4 b6 2. d4 Bb7 3. Bd3 e6 4. Nf3 g6 5. Bg5 Qc8 6. c4 Bg7 7. Nc3 Nc6 8. d5 Ne5 9. Nxe5 Bxe5 10. Qd2 Bg7 11. O-O-O h6 12. Bh4 e5 13. d6 g5 14. Bg3 cxd6 15. Nb5 Bf8 16. Bc2 f6 17. Nxd6+ Bxd6 18. Qxd6 Rh7 19. Kb1 Qc5 20. Qd2 O-O-O 21. h4 d6 22. f3 Rg7 23. Bb3 g4 24. Bf2 Qc7 25. h5 Bc6 26. Bh4 Kb7 27. Rhe1 Qf7 28. c5 Qxh5 29. Bf2 gxf3 30. cxb6 fxg2 31. Qa5 a6 32. Bc4 Ra8 33. Rxd6 Ne7 34. Bd5 Nxd5 35. Rxc6 Rd8 36. Qc5 Qh1 37. Bg1 Qh4 38. Qc1 Qxe1 39. Qxe1 Kxc6 40. exd5+ Rxd5 41. Qc3+ Kb7 42. Qf3 Rgd7 43. Qxg2 f5 44. a3 e4 45. Be3 R5d6 46. a4 a5 47. Qg8 Rd5 48. Bf4 Kxb6 49. Qc8 Rd1+ 50. Ka2 R7d3 51. Qc7+ Ka6 52. Qc6+ Ka7 53. Bc7 1-0

[Event "Erevan"]
[Site "?"]
[Date "1994.??.??"]
[Round "?"]
[White "Akopian, V."]
[Black "Minasian, Ar"]
[Result "1-0"]
[WhiteElo "2630"]
[BlackElo "2525"]
[PlyCount "65"]
[EventDate "1994.??.??"]
[Source "ChessBase"]
[SourceDate "1994.10.01"]

1. e4 b6 2. d4 Bb7 3. Bd3 Nf6 4. Qe2 e6 5. Nf3 c5 6. c3 d5 7. e5 Nfd7 8. Ng5 Be7 9. h4 cxd4 10. cxd4 Nc6 11. Be3 Nb4 12. Bb5 Bc6 13. Nc3 Bxb5 14. Nxb5 a6 15. Nc3 h6 16. Nxe6 fxe6 17. a3 Nc6 18. Qh5+ Kf8 19. Qg6 Qc8 20. O-O Nd8 21. f4 Kg8 22. f5 Nf8 23. Qg3 exf5 24. Nxd5 Qb7 25. Nxe7+ Qxe7 26. Rxf5 Qd7 27. Rxf8+ Kxf8 28. Qf3+ Ke7 29. Qxa8 Rf8 30. d5 Rf5 31. Re1 Nb7 32. Qg8 Rf8 33. Qxg7+ 1-0

[Event "7. Open"]
[Site "?"]
[Date "2005.05.27"]
[Round "8"]
[White "Korneev Oleg"]
[Black "Cicak Slavko"]
[Result "1-0"]
[WhiteElo "2611"]
[BlackElo "2530"]
[PlyCount "73"]
[EventDate "2005.??.??"]
[Source "www.chesslib.no"]
[SourceDate "2004.05.04"]

1. e4 b6 2. d4 Bb7 3. Bd3 Nf6 4. Nd2 e6 5. Ngf3 c5 6. c3 cxd4 7. cxd4 d6 8. O-O Be7 9. Re1 O-O 10. Nf1 Nbd7 11. Ng3 Re8 12. Qe2 Nf8 13. Bd2 a6 14. Rad1 b5 15. h3 Ng6 16. a3 Nd7 17. Nh5 e5 18. d5 Nf6 19. Ng3 Nf4 20. Bxf4 exf4 21. Nf5 Bf8 22. Qd2 g6 23. N5d4 Bh6 24. Nc6 Bxc6 25. dxc6 Qb6 26. Bb1 Red8 27. Rc1 Rac8 28. Ba2 Ne8 29. Qd5 Qc7 30. Ng5 Bxg5 31. Qxg5 f3 32. Re3 Kg7 33. Rxf3 f6 34. Qd5 Qe7 35. Qg8+ Kh6 36. Qe6 Qa7 37. Rf4 1-0

[Event "Memorial Xose Enrique Rodriguez Pena"]
[Site "Ourense SPA"]
[Date "2007.06.09"]
[Round "3"]
[White "Nataf, IA."]
[Black "Oral, T."]
[Result "1/2-1/2"]
[WhiteElo "2596"]
[BlackElo "2543"]
[PlyCount "23"]
[EventDate "2007.06.07"]
[Source "www.chesslib.no"]
[SourceDate "2004.05.04"]

1. e4 b6 2. d4 Bb7 3. Bd3 Nf6 4. Qe2 Nc6 5. Nf3 Nb4 6. e5 Nxd3+ 7. Qxd3 Ne4 8. O-O e6 9. Re1 f5 10. c4 Be7 11. d5 O-O 12. Nbd2 1/2-1/2

[Event "American Continental 1st"]
[Site "Cali"]
[Date "2001.08.20"]
[Round "11"]
[White "Vescovi, Giovanni P"]
[Black "Lima, Darcy"]
[Result "1/2-1/2"]
[WhiteElo "2581"]
[BlackElo "2543"]
[PlyCount "69"]
[EventDate "2001.08.09"]
[Source "ChessBase"]
[SourceDate "2001.09.11"]

1. e4 b6 2. d4 Bb7 3. Nd2 e6 4. Ngf3 d6 5. Bd3 Nd7 6. O-O Ne7 7. a4 a6 8. Re1 g6 9. Nf1 Bg7 10. Bd2 c5 11. c3 Nc6 12. Bg5 Qb8 13. Qd2 h6 14. Be3 Na5 15. Ra3 c4 16. Bc2 Qc7 17. Qe2 O-O 18. Raa1 Rae8 19. h4 f5 20. Bd2 Nf6 21. e5 Bxf3 22. Qxf3 dxe5 23. dxe5 Nd7 24. Bf4 Nc6 25. Qg3 Kh7 26. Re2 Rd8 27. Rae1 Nc5 28. Rd2 b5 29. axb5 axb5 30. Rd6 Qb8 31. Qe3 Nb7 32. Rxd8 Rxd8 33. Qb6 Rd5 34. Ne3 Rc5 35. h5 1/2-1/2

[Event "Cannes FRA"]
[Site "Cannes FRA"]
[Date "1995.??.??"]
[Round "?"]
[White "Tkachiev, Vladislav"]
[Black "Minasian, Artashes"]
[Result "1/2-1/2"]
[WhiteElo "2575"]
[BlackElo "2540"]
[PlyCount "45"]
[EventDate "1995.??.??"]
[Source "www.chesslib.no"]
[SourceDate "2004.05.04"]

1. e4 b6 2. d4 Bb7 3. Bd3 Nf6 4. Nc3 e6 5. Nf3 Bb4 6. Bg5 h6 7. Bxf6 Qxf6 8. O-O Bxc3 9. bxc3 d6 10. Nd2 e5 11. f4 exd4 12. e5 dxe5 13. fxe5 Qg5 14. Nf3 Bd5 15. Kh1 Qg6 16. cxd4 Bb3 17. Nd2 Qh7 18. Qc1 Bd5 19. Be4 Nc6 20. Qd1 Nxd4 21. Qb1 Nb5 22. Qd1 Rc8 23. Rxf7 1/2-1/2

[Event "Cannes op"]
[Site "Cannes"]
[Date "1995.??.??"]
[Round "5"]
[White "Tkachiev, Vladislav"]
[Black "Minasian, Artashes"]
[Result "1/2-1/2"]
[WhiteElo "2575"]
[BlackElo "2540"]
[PlyCount "45"]
[EventDate "1995.02.??"]
[Source "ChessBase"]

1. e4 b6 2. d4 Bb7 3. Bd3 Nf6 4. Nc3 e6 5. Nf3 Bb4 6. Bg5 h6 7. Bxf6 Qxf6 8. O-O Bxc3 9. bxc3 d6 10. Nd2 e5 11. f4 exd4 12. e5 dxe5 13. fxe5 Qg5 14. Nf3 Qe3+ 15. Kh1 O-O 16. cxd4 Nd7 17. Nh4 Qg5 18. Qe1 Rae8 19. Qf2 Bd5 20. c4 Bb7 21. Bf5 Bc8 22. Rae1 c5 23. Bxd7 1/2-1/2

[Event "Cannes op"]
[Site "Cannes"]
[Date "1996.??.??"]
[Round "8"]
[White "Sermek, Drazen"]
[Black "Minasian, Artashes"]
[Result "1-0"]
[WhiteElo "2535"]
[BlackElo "2580"]
[PlyCount "83"]
[EventDate "1996.02.??"]
[Source "ChessBase"]

1. e4 b6 2. d4 Bb7 3. Bd3 Nf6 4. Nd2 e6 5. Ngf3 c5 6. c3 d5 7. e5 Nfd7 8. Qe2 Nc6 9. O-O Be7 10. Rd1 cxd4 11. cxd4 Nb4 12. Bb1 Rc8 13. Nf1 Ba6 14. Qd2 Bxf1 15. Rxf1 Qc7 16. a3 Nc6 17. b4 b5 18. Bd3 a6 19. Qf4 Nb6 20. Qg4 g6 21. Bh6 Nc4 22. Qf4 f5 23. g4 Nd8 24. Bg5 Nf7 25. Bxe7 Qxe7 26. gxf5 gxf5 27. Kh1 Rg8 28. Rg1 Kd7 29. Rac1 Nb2 30. Rxg8 Rxg8 31. Bxf5 Rf8 32. Bxe6+ Qxe6 33. Ng5 Nxg5 34. Qxf8 Nc4 35. Rg1 h6 36. f4 Qg6 37. f5 Qh5 38. e6+ Kc7 39. Qc5+ Kb8 40. Qxd5 Nb6 41. Qc6 Nc8 42. Rc1 1-0

[Event "Elista ol (Men)"]
[Site "Elista"]
[Date "1998.10.01"]
[Round "3"]
[White "Iordachescu, Viorel"]
[Black "Minasian, Artashes"]
[Result "1/2-1/2"]
[WhiteElo "2490"]
[BlackElo "2620"]
[PlyCount "109"]
[EventDate "1998.09.29"]
[Source "ChessBase"]
[SourceDate "1998.11.06"]

1. e4 b6 2. g3 Bb7 3. Bg2 Nf6 4. Nc3 c5 5. Nge2 e5 6. O-O d6 7. d3 Be7 8. f4 Nbd7 9. h3 a6 10. g4 b5 11. Ng3 g6 12. g5 Ng8 13. Nd5 Bxd5 14. exd5 h6 15. f5 Bxg5 16. fxg6 fxg6 17. Ne4 Qe7 18. Bxg5 hxg5 19. Qg4 Nf8 20. Qxg5 Qxg5 21. Nxg5 Nh6 22. Rf6 Nf5 23. Bf3 Ra7 24. Bg4 Rg7 25. Kh2 Ke7 26. Ne4 Ne3 27. Rg1 Rgh7 28. Rxd6 Rh4 29. Rxa6 Nxg4+ 30. Rxg4 Rxg4 31. d6+ Kf7 32. Ra7+ Ke6 33. Re7+ Kd5 34. d7 Nxd7 35. Rxd7+ Kc6 36. Rg7 Rh6 37. Re7 Rgh4 38. Ng5 Rf4 39. Kg3 Rf5 40. h4 Kd6 41. Re6+ Kd5 42. Rb6 Rf4 43. Nf3 b4 44. a4 Rxf3+ 45. Kxf3 Rxh4 46. a5 Rh1 47. a6 Ra1 48. Ke3 Ra2 49. c3 bxc3 50. bxc3 c4 51. Rxg6 Ra3 52. dxc4+ Kxc4 53. Ke4 Kb5 54. a7 Rxa7 55. Kxe5 1/2-1/2

[Event "EUCup final"]
[Site "Ljubljana"]
[Date "1995.??.??"]
[Round "3"]
[White "Wells, Peter K"]
[Black "Minasian, Artashes"]
[Result "0-1"]
[WhiteElo "2545"]
[BlackElo "2565"]
[PlyCount "70"]
[EventDate "1995.12.??"]
[Source "ChessBase"]

1. e4 b6 2. d4 Bb7 3. Bd3 Nf6 4. Nc3 e6 5. Nf3 Bb4 6. Bg5 h6 7. Bxf6 Qxf6 8. O-O Bf8 9. Qd2 Qe7 10. Rfe1 d6 11. Bb5+ Nd7 12. Nd5 Qd8 13. Nb4 c5 14. dxc5 bxc5 15. Ne5 dxe5 16. Rad1 Bc8 17. Nc6 Qb6 18. Ba4 f6 19. Na5 Qc7 20. Re3 Ke7 21. Rd3 Nb6 22. Bc6 Rb8 23. Rd8 g5 24. Be8 Bb7 25. Rxb8 Qxb8 26. Bh5 Ba8 27. b4 c4 28. b5 f5 29. Nxc4 Kf6 30. exf5 Be7 31. Nxb6 Qxb6 32. fxe6 Rd8 33. Qe1 Rxd1 34. Qxd1 Qd4 35. Qe1 g4 0-1

[Event "New York"]
[Site "?"]
[Date "2000.??.??"]
[Round "?"]
[White "Bauer, Ch"]
[Black "Minasian, Art"]
[Result "1-0"]
[WhiteElo "2515"]
[BlackElo "2595"]
[PlyCount "59"]
[EventDate "2000.??.??"]
[Source "Chess Informant"]
[SourceDate "2000.06.01"]

1. e4 b6 2. d4 Bb7 3. Bd3 Nf6 4. Qe2 e6 5. Nf3 c5 6. d5 exd5 7. exd5+ Qe7 8. c4 b5 9. b3 Qxe2+ 10. Kxe2 b4 11. Re1 d6 12. Kf1+ Be7 13. Bf4 Kd8 14. Nbd2 h6 15. Nh4 Bc8 16. Rxe7 Kxe7 17. Re1+ Kd7 18. Nf5 Re8 19. Nxd6 Rxe1+ 20. Kxe1 Ba6 21. N2e4 Nxe4 22. Nxe4 Bc8 23. Nxc5+ Ke8 24. Ne4 Bd7 25. c5 a5 26. Nd6+ Ke7 27. Nc4 Na6 28. c6 Be8 29. Nb6 Nc5 30. Bc4 1-0

[Event "Novi Sad-Beograd tt"]
[Site "?"]
[Date "2002.12.21"]
[Round "1"]
[White "Pavlovic Milos"]
[Black "Nevednichy Vladislav"]
[Result "1-0"]
[WhiteElo "2549"]
[BlackElo "2555"]
[PlyCount "79"]
[EventDate "2002.??.??"]
[Source "www.chesslib.no"]
[SourceDate "2004.05.04"]

1. e4 b6 2. d4 Bb7 3. Nc3 e6 4. Nf3 Bb4 5. Bd3 Nf6 6. Qe2 d5 7. e5 Ne4 8. O-O Bxc3 9. bxc3 Nxc3 10. Qe3 Ne4 11. Ba3 Nc6 12. c4 Qd7 13. cxd5 exd5 14. e6 Qxe6 15. Ng5 Nxg5 16. Qxg5 f6 17. Qh5+ Kd8 18. Rfe1 Qg8 19. Bb5 a6 20. Bxc6 Bxc6 21. Rac1 Bd7 22. Qf3 Ra7 23. Qg3 Kc8 24. Re7 Qd8 25. Rxg7 Re8 26. h3 Bb5 27. Rxh7 Bc4 28. Bd6 Rg8 29. Qf4 Kb8 30. Be7 Rxg2+ 31. Kxg2 Qg8+ 32. Kh2 Qxh7 33. Bxf6 Kb7 34. Rg1 Kc6 35. Be5 Qe4 36. Qf8 a5 37. a4 b5 38. Qc5+ Kd7 39. Rg7+ Kc8 40. Rxc7+ 1-0

[Event "Clichy vs Select GMs, Clichy FRA"]
[Site "?"]
[Date "2001.??.??"]
[Round "3"]
[White "Koch, JR."]
[Black "Degraeve, JM."]
[Result "1-0"]
[WhiteElo "2505"]
[BlackElo "2585"]
[PlyCount "109"]
[EventDate "2001.??.??"]
[Source "www.chesslib.no"]
[SourceDate "2004.05.04"]

1. e4 b6 2. d4 Bb7 3. Bd3 Nf6 4. Qe2 Nc6 5. c3 e5 6. d5 Ne7 7. Nf3 Ng6 8. g3 c6 9. c4 Bb4+ 10. Kf1 O-O 11. h4 cxd5 12. cxd5 h6 13. a3 Bd6 14. Nc3 Re8 15. h5 Nf8 16. Nh4 Bc5 17. Nf5 d6 18. Bb5 a5 19. Kg2 Kh7 20. Rh4 Bc8 21. Bxe8 Qxe8 22. Qf3 Bxf5 23. Qxf5+ Kh8 24. Bxh6 N6h7 25. Be3 Bxe3 26. fxe3 a4 27. Rhh1 Kg8 28. Rac1 Rc8 29. Rhf1 Rc7 30. Ne2 Rc5 31. Rxc5 bxc5 32. g4 f6 33. Nc3 Qb8 34. Qf2 Nd7 35. Qc2 Ng5 36. Rf2 Qc8 37. Rf5 Qb7 38. Nxa4 Kf7 39. Nc3 c4 40. Qf2 Ke7 41. Kg3 Nc5 42. Qc2 Qb6 43. Kh4 Nd3 44. Qe2 Nc5 45. Rxg5 fxg5+ 46. Kxg5 Nd7 47. Kh4 Kf7 48. g5 Kg8 49. Qf2 Nf8 50. a4 Nd7 51. Nb5 Nf8 52. g6 Qd8+ 53. Kh3 Qd7+ 54. Qf5 Qd8 55. h6 1-0

[Event "Cappelle op"]
[Site "Cappelle la Grande "]
[Date "1996.??.??"]
[Round "7"]
[White "Kovalev, Andrei"]
[Black "Minasian, Artashes"]
[Result "1-0"]
[WhiteElo "2495"]
[BlackElo "2580"]
[PlyCount "47"]
[EventDate "1996.02.??"]
[Source "ChessBase"]

1. e4 b6 2. d4 Bb7 3. Nc3 e6 4. Nf3 Bb4 5. Bd3 Nf6 6. Qe2 d5 7. exd5 Nxd5 8. Bd2 Nxc3 9. bxc3 Be7 10. h4 Nd7 11. Rh3 c5 12. Rg3 Bf6 13. Ne5 Bxe5 14. dxe5 Qxh4 15. O-O-O Qa4 16. Bb5 Qxa2 17. Bg5 Bc8 18. Qd3 O-O 19. Bxd7 Ba6 20. Qe3 g6 21. Bf6 Qa3+ 22. Kd2 Rfd8 23. Qh6 Rxd7+ 24. Rd3 1-0

[Event "Prague"]
[Site "Prague"]
[Date "1993.??.??"]
[Round "1"]
[White "Hracek, Zbynek"]
[Black "Kengis, Edvins"]
[Result "1/2-1/2"]
[WhiteElo "2510"]
[BlackElo "2560"]
[PlyCount "72"]
[EventDate "1993.09.??"]
[Source "ChessBase"]

1. e4 b6 2. d4 Bb7 3. Bd3 e6 4. Nf3 c5 5. Qe2 cxd4 6. Nxd4 Bc5 7. Nb3 Be7 8. Nc3 d6 9. Be3 Nf6 10. O-O-O Nbd7 11. g4 h6 12. h4 h5 13. gxh5 Nxh5 14. Bb5 Kf8 15. Kb1 Nhf6 16. Bg5 a6 17. Bxd7 Qxd7 18. h5 Rc8 19. h6 gxh6 20. Bxh6+ Ke8 21. f3 Qc6 22. Qf2 Qc7 23. a4 Nd7 24. Be3 Rf8 25. Rh7 Bf6 26. Bd4 Be5 27. f4 Bxd4 28. Nxd4 Qc4 29. Qh4 Nc5 30. Rh8 Nxe4 31. Nxe4 Bxe4 32. Rxf8+ Kxf8 33. Rd2 Qf1+ 34. Ka2 Qc4+ 35. Kb1 Qf1+ 36. Ka2 Qc4+ 1/2-1/2

[Event "Czech Extra League"]
[Site "?"]
[Date "2001.??.??"]
[Round "?"]
[White "Zezulkin, J."]
[Black "Stocek, J."]
[Result "1/2-1/2"]
[WhiteElo "2530"]
[BlackElo "2535"]
[PlyCount "74"]
[EventDate "2001.??.??"]
[Source "www.chesslib.no"]
[SourceDate "2004.05.04"]

1. e4 b6 2. d4 Bb7 3. Nc3 e6 4. Nf3 Nf6 5. e5 Ne4 6. Nxe4 Bxe4 7. Bg5 Be7 8. Bxe7 Qxe7 9. Nd2 Bb7 10. Qg4 f5 11. Qh5+ g6 12. Qh6 Nc6 13. c3 O-O-O 14. f4 Rdg8 15. Nf3 Nd8 16. Ng5 Qg7 17. Qxg7 Rxg7 18. h4 Rhg8 19. Kf2 h6 20. Nf3 Nf7 21. Rh2 g5 22. hxg5 hxg5 23. g3 c5 24. dxc5 bxc5 25. Be2 d6 26. exd6 gxf4 27. d7+ Kxd7 28. gxf4 Nd6 29. Rd1 Kc7 30. Ng5 Ne4+ 31. Nxe4 Bxe4 32. Bf3 Bxf3 33. Kxf3 Rg3+ 34. Kf2 R3g4 35. Kf3 Rg3+ 36. Kf2 R3g4 37. Kf3 Rg3+ 1/2-1/2

[Event "TCh-NED 2005-6"]
[Site "?"]
[Date "2005.11.05"]
[Round "3"]
[White "Berelovich Aleksandar"]
[Black "Bosch Jeroen"]
[Result "1-0"]
[WhiteElo "2571"]
[BlackElo "2465"]
[PlyCount "63"]
[EventDate "2005.??.??"]
[Source "www.chesslib.no"]
[SourceDate "2004.05.04"]

1. e4 b6 2. d4 Bb7 3. Bd3 e6 4. Nf3 c5 5. c3 Nf6 6. Nbd2 Be7 7. Qe2 Nc6 8. a3 d5 9. e5 Nd7 10. b4 Qc7 11. O-O O-O 12. Re1 Rae8 13. Nf1 f6 14. Ng5 fxg5 15. Qh5 h6 16. Qg6 Ndxe5 17. dxe5 Nxe5 18. Qxe6+ Nf7 19. Qf5 Nh8 20. Qh7+ Kf7 21. Ng3 Bf6 22. Bd2 Bc8 23. Nf5 Bxf5 24. Qxf5 Rxe1+ 25. Rxe1 Rd8 26. Qh7 Qc6 27. Be2 Be5 28. Bh5+ Kf6 29. Rxe5 Kxe5 30. Qxg7+ Qf6 31. f4+ gxf4 32. Bxf4+ 1-0

[Event "IV Open Vila de Sort"]
[Site "Sort SPA"]
[Date "2008.07.01"]
[Round "9"]
[White "Adhiban, B."]
[Black "Burmakin, Vladimir"]
[Result "1-0"]
[WhiteElo "2421"]
[BlackElo "2615"]
[PlyCount "129"]
[EventDate "2008.06.24"]
[Source "www.chesslib.no"]
[SourceDate "2004.05.04"]

1. e4 b6 2. d4 Bb7 3. Bd3 e6 4. Nf3 c5 5. Nc3 Nf6 6. O-O Be7 7. dxc5 bxc5 8. e5 Nd5 9. Ne4 Nb4 10. Bg5 O-O 11. Nxc5 Bc6 12. Bxe7 Qxe7 13. Ne4 f5 14. exf6 gxf6 15. Re1 f5 16. Ng3 Qg7 17. Bf1 Nd5 18. Qd4 Nf6 19. Ne5 Bd5 20. c4 Nc6 21. Qc3 Ne4 22. Nxe4 Bxe4 23. Nxd7 Qxd7 24. Rad1 Qg7 25. Qxg7+ Kxg7 26. f3 Bc2 27. Rd2 Ba4 28. b3 Rfd8 29. Rxd8 Rxd8 30. bxa4 Kf6 31. c5 Rc8 32. Bb5 Nd4 33. Rc1 e5 34. Kf2 Ne6 35. c6 Rd8 36. Rc2 Nc7 37. Bc4 Rd4 38. Bb3 Ke7 39. Ke2 Rd6 40. Rc5 Kf6 41. g3 h6 42. Ke3 Rd8 43. Rc1 Rd6 44. Rc2 Kg5 45. Rc5 Kf6 46. a5 Rd8 47. h3 Rd6 48. f4 e4 49. g4 Rd3+ 50. Ke2 Rxh3 51. Rxf5+ Ke7 52. Rf7+ Kd6 53. Ba4 Rh2+ 54. Kf1 Rxa2 55. Rd7+ Kc5 56. Rxc7 Rxa4 57. Rxa7 Kxc6 58. Ke2 Ra3 59. a6 Kb5 60. f5 Rg3 61. Re7 Kxa6 62. Rxe4 Kb5 63. f6 Rg2+ 64. Kf3 Rg1 65. Kf2 1-0

[Event "KB Czech Open"]
[Site "Pardubice"]
[Date "2003.07.20"]
[Round "3"]
[White "Vysochin, Spartak"]
[Black "Voloshin, Leonid"]
[Result "1-0"]
[WhiteElo "2560"]
[BlackElo "2468"]
[PlyCount "105"]
[EventDate "2003.07.18"]
[Source "Roberto Alvarez"]
[SourceDate "2003.07.21"]

1. e4 b6 2. d4 Bb7 3. Bd3 e6 4. Nf3 c5 5. c3 cxd4 6. cxd4 Nf6 7. Nc3 Be7 8. Qc2 h6 9. O-O O-O 10. Qe2 d5 11. e5 Ne4 12. Nxe4 dxe4 13. Bxe4 Bxe4 14. Qxe4 Na6 15. Ne1 Nb4 16. Bd2 Qd5 17. Qxd5 Nxd5 18. Nd3 Rfd8 19. Rac1 Rd7 20. Rc4 h5 21. Rfc1 g5 22. h3 Kg7 23. Rc8 Rxc8 24. Rxc8 g4 25. hxg4 hxg4 26. Kf1 Rc7 27. Rxc7 Nxc7 28. Ke2 Kg6 29. f3 Kf5 30. Nf2 gxf3+ 31. Kxf3 b5 32. Nh3 Nd5 33. Nf4 Nxf4 34. Bxf4 Bd8 35. g4+ Kg6 36. Ke4 Bg5 37. Bxg5 Kxg5 38. d5 exd5+ 39. Kxd5 Kxg4 40. e6 fxe6+ 41. Kxe6 Kf4 42. Kd5 b4 43. Kc4 Ke5 44. Kxb4 Kd6 45. Kb5 Kc7 46. Ka6 Kb8 47. b4 Ka8 48. b5 Kb8 49. a3 Ka8 50. a4 Kb8 51. a5 Ka8 52. b6 Kb8 53. b7 1-0

[Event "Pablo Gorbea mem 6th"]
[Site "Madrid"]
[Date "2002.09.22"]
[Round "7"]
[White "Moreno Carnero, Javier"]
[Black "Spraggett, Kevin"]
[Result "1/2-1/2"]
[WhiteElo "2494"]
[BlackElo "2533"]
[PlyCount "29"]
[EventDate "2002.09.16"]
[Source "ChessBase"]
[SourceDate "2002.11.06"]

1. e4 b6 2. d4 Bb7 3. Bd3 Nf6 4. Qe2 Nc6 5. c3 e5 6. Nf3 d6 7. d5 Ne7 8. c4 Ng6 9. g3 Bc8 10. Nfd2 h5 11. h4 Ne7 12. Nc3 g6 13. a4 a5 14. Nf1 Bg7 15. Bg5 1/2-1/2

[Event "Vrbas"]
[Site "Vrbas"]
[Date "1977.??.??"]
[Round "11"]
[White "Sax, Gyula"]
[Black "Sahovic, Dragutin"]
[Result "1/2-1/2"]
[WhiteElo "2565"]
[BlackElo "2460"]
[PlyCount "29"]
[EventDate "1977.05.??"]
[Source "ChessBase"]

1. e4 b6 2. d4 Bb7 3. Bd3 e6 4. Nh3 c5 5. O-O cxd4 6. c3 dxc3 7. Nxc3 Nc6 8. f4 Bc5+ 9. Kh1 Qe7 10. a3 O-O-O 11. b4 Bd4 12. Bb2 Nf6 13. Qa4 e5 14. Ng5 Kb8 15. Qb3 1/2-1/2

[Event "Mario Covas 3rd"]
[Site "Santos"]
[Date "2003.04.26"]
[Round "6"]
[White "Zapata, Alonso"]
[Black "Rodriguez, Andres"]
[Result "1-0"]
[WhiteElo "2543"]
[BlackElo "2479"]
[PlyCount "49"]
[EventDate "2003.04.22"]
[Source "ChessBase"]
[SourceDate "2003.07.25"]

1. e4 b6 2. d4 Bb7 3. Nc3 e6 4. Bd3 Nf6 5. Nge2 c5 6. O-O d5 7. e5 Nfd7 8. Nf4 g6 9. Qg4 Be7 10. Nxe6 fxe6 11. Bxg6+ hxg6 12. Qxg6+ Kf8 13. Bh6+ Rxh6 14. Qxh6+ Kf7 15. Qh7+ Ke8 16. Qg6+ Kf8 17. f4 Qe8 18. Qh6+ Kf7 19. Qh7+ Kf8 20. f5 Bf6 21. fxe6 Qxe6 22. exf6 Qf7 23. Qh6+ Ke8 24. Rae1+ Kd8 25. Re7 1-0

[Event "Elista ol (Men)"]
[Site "Elista"]
[Date "1998.10.02"]
[Round "4"]
[White "Magem Badals, Jordi"]
[Black "Lima, Darcy"]
[Result "1-0"]
[WhiteElo "2540"]
[BlackElo "2480"]
[PlyCount "75"]
[EventDate "1998.09.29"]
[Source "ChessBase"]
[SourceDate "1998.11.06"]

1. e4 b6 2. d4 Bb7 3. Bd3 e6 4. Nf3 d6 5. O-O Nd7 6. Re1 Ne7 7. Nbd2 g6 8. Nf1 Bg7 9. Be3 c5 10. c3 Qc7 11. Ng3 h6 12. Qd2 a6 13. b4 Kf8 14. bxc5 bxc5 15. Rab1 Kg8 16. h4 Kh7 17. h5 Rhb8 18. Bf4 Bc8 19. e5 Rxb1 20. Bxb1 dxe5 21. Nxe5 Nxe5 22. Bxe5 Bxe5 23. dxe5 Bb7 24. hxg6+ Nxg6 25. Nh5 Rd8 26. Qf4 Qe7 27. Nf6+ Kg7 28. Nh5+ Kh7 29. Nf6+ Kg7 30. Bxg6 fxg6 31. Rb1 Ba8 32. Rb6 Bd5 33. Rxa6 Bxg2 34. Ng4 Bb7 35. Qxh6+ Kg8 36. Qxg6+ Kh8 37. Qh6+ Kg8 38. Nf6+ 1-0

[Event "Cappelle Open"]
[Site "Cappelle la Grande FRA"]
[Date "1995.??.??"]
[Round "9"]
[White "Nikolenko, Oleg"]
[Black "Minasian, Artashes"]
[Result "1/2-1/2"]
[WhiteElo "2480"]
[BlackElo "2540"]
[PlyCount "152"]
[EventDate "1995.03.??"]
[Source "www.chesslib.no"]
[SourceDate "2004.05.04"]

1. e4 b6 2. d4 Bb7 3. Bd3 Nf6 4. Qe2 c5 5. d5 e6 6. c4 b5 7. Nf3 bxc4 8. Bxc4 exd5 9. exd5+ Qe7 10. Nc3 Qxe2+ 11. Kxe2 d6 12. Re1 Nbd7 13. Kf1+ Be7 14. Bf4 Kf8 15. Nb5 Ne8 16. Rad1 Nb6 17. b3 h6 18. h4 a6 19. Nc3 Bc8 20. Rd3 Ra7 21. Rde3 f5 22. Bd3 Kf7 23. a4 Nf6 24. a5 Na8 25. Bc4 Re8 26. Rxe7+ Raxe7 27. Bxd6 Rxe1+ 28. Nxe1 Ne4 29. Nxe4 fxe4 30. Bxc5 Nc7 31. d6+ Ne6 32. Nc2 Bd7 33. Nd4 Kf6 34. Nxe6 Bxe6 35. Bxa6 Ra8 36. Bd4+ Kf7 37. d7 Bxd7 38. Bc4+ Be6 39. Bxe6+ Kxe6 40. b4 g6 41. Ke2 Kd5 42. Ke3 Kc4 43. Bc5 Kd5 44. Kf4 Ra6 45. Bb6 Ra8 46. Kg4 Kc4 47. Bc5 Ra6 48. h5 Rf6 49. hxg6 Rxg6+ 50. Kh3 Kb5 51. g3 Rg7 52. Kh4 Rg5 53. Be3 Rg6 54. Kh5 Rf6 55. Bc5 Re6 56. Kg4 Rf6 57. Kh3 Rg6 58. Kg2 h5 59. Kf1 Rg4 60. Ke2 h4 61. gxh4 Rxh4 62. Ke3 Rg4 63. Kd4 Rh4 64. Kd5 Rf4 65. Ke5 Rg4 66. Kf5 Rh4 67. Bd4 Rh6 68. Bc5 Rh4 69. Bd6 Rh6 70. Ke5 Rh4 71. Be7 Rh1 72. Bc5 Re1 73. Kd4 Re2 74. Kd5 Re1 75. Kd4 Re2 76. Kd5 Re1 1/2-1/2

[Event "Berliner Sommer"]
[Site "Berlin GER"]
[Date "1993.??.??"]
[Round "?"]
[White "Kovalev, Andrei"]
[Black "Teske, Henrik"]
[Result "0-1"]
[WhiteElo "2545"]
[BlackElo "2475"]
[PlyCount "96"]
[EventDate "1993.08.??"]
[Source "www.chesslib.no"]
[SourceDate "2004.05.04"]

1. e4 b6 2. d4 Bb7 3. Nc3 e6 4. Nf3 d6 5. Bd3 Nd7 6. Qe2 Ne7 7. h4 g6 8. h5 Bg7 9. Bd2 Nc6 10. d5 Nb4 11. dxe6 fxe6 12. O-O-O Qe7 13. hxg6 hxg6 14. Bg5 Nxd3+ 15. Qxd3 Qf7 16. Rxh8+ Bxh8 17. Nd4 Nc5 18. Qb5+ Kf8 19. Qe2 a6 20. Qe3 Ke8 21. f4 e5 22. Rh1 exd4 23. Rxh8+ Kd7 24. Qh3+ Kc6 25. Rh7 Qc4 26. Nd1 Qxa2 27. e5 Re8 28. Qf3+ Kb5 29. Qf1+ Qc4 30. Qxc4+ Kxc4 31. Bf6 dxe5 32. Bxe5 Bxg2 33. Rxc7 g5 34. b3+ Kd5 35. b4 Ne6 36. Rd7+ Ke4 37. Nf2+ Kf3 38. Nd3 gxf4 39. Bxd4 Nxd4 40. Rxd4 Rf8 41. Rd6 Bf1 42. Ne5+ Ke4 43. Ng6 Rf7 44. Re6+ Kd5 45. Re5+ Kd6 46. c4 Bxc4 47. Re4 f3 48. Ne5 Kd5 0-1

[Event "Pinamar Masters 2nd"]
[Site "Pinamar"]
[Date "2002.03.21"]
[Round "1"]
[White "Morovic Fernandez, Ivan"]
[Black "Rodriguez, Andres"]
[Result "1-0"]
[WhiteElo "2554"]
[BlackElo "2460"]
[PlyCount "97"]
[EventDate "2002.03.21"]
[Source "ChessBase"]
[SourceDate "2002.03.21"]

1. e4 b6 2. d4 Bb7 3. Bd3 e6 4. Nf3 c5 5. c3 Nf6 6. Nbd2 d5 7. e5 Nfd7 8. O-O cxd4 9. cxd4 Ba6 10. Bxa6 Nxa6 11. Ne1 b5 12. f4 Qb6 13. Ndf3 Be7 14. Nd3 O-O 15. Be3 Rfc8 16. g4 Nb4 17. Nxb4 Bxb4 18. f5 f6 19. Qd3 fxe5 20. dxe5 Bc5 21. Bxc5 Nxc5 22. Qd4 Nd3 23. Qxb6 axb6 24. fxe6 Ra4 25. Rad1 Nf4 26. Kh1 Rxa2 27. Nd4 Ng6 28. Nf5 Rxb2 29. e7 Re8 30. Rxd5 Ra2 31. Rd8 Ra8 32. Rxa8 Rxa8 33. Rd1 Kf7 34. Rd8 Ra1+ 35. Kg2 Ra2+ 36. Kf3 Ra3+ 37. Ke4 Ra4+ 38. Ke3 Ra3+ 39. Ke4 Ra4+ 40. Ke3 Ra3+ 41. Kd2 Nxe7 42. Rd7 g6 43. Rxe7+ Kf8 44. Rxh7 gxf5 45. gxf5 Rf3 46. f6 b4 47. Kc2 Re3 48. Re7 Rh3 49. Re6 1-0